That photograph: serial killer as modern celebrity

In October 1965, Ian Brady and Myra Hindley were arrested for the murder of seventeen-year-old Edwards Evan. Since that date, the Moors Murders case has never disappeared from popular and media culture. Brady and Hindley became icons of evil, a reference point against which future crimes were measur...

Descripción completa

Guardado en:  
Detalles Bibliográficos
Autores principales: Cummins, Ian 1961- (Autor) ; Foley, Marian (Autor) ; King, Martin (Autor)
Tipo de documento: Print Artículo
Lenguaje:Inglés
Publicado: 2021
En: Critiquing violent crime in the media
Año: 2021, Páginas: 233-254
Verificar disponibilidad: HBZ Gateway
Palabras clave:

MARC

LEADER 00000caa a2200000 c 4500
001 1945755334
003 DE-627
005 20260130121958.0
007 tu
008 251210s2021 xx ||||| 00| ||eng c
020 |a 9783030837570 
035 |a (DE-627)1945755334 
035 |a (DE-599)KXP1945755334 
040 |a DE-627  |b ger  |c DE-627  |e rda 
041 |a eng 
084 |a 2,1  |2 ssgn 
100 1 |a Cummins, Ian  |d 1961-  |e VerfasserIn  |0 (DE-588)1183843542  |0 (DE-627)1663368007  |4 aut 
109 |a Cummins, Ian 1961-  |a Cummins, Ian David 1961- 
245 1 0 |a That photograph: serial killer as modern celebrity  |c Ian Cummins, Marian Foley, and Martin King 
264 1 |c 2021 
336 |a Text  |b txt  |2 rdacontent 
337 |a ohne Hilfsmittel zu benutzen  |b n  |2 rdamedia 
338 |a Band  |b nc  |2 rdacarrier 
500 |a Literaturverzeichnis: Seite 252-254 
520 |a In October 1965, Ian Brady and Myra Hindley were arrested for the murder of seventeen-year-old Edwards Evan. Since that date, the Moors Murders case has never disappeared from popular and media culture. Brady and Hindley became icons of evil, a reference point against which future crimes were measured. The Moors Murders case has become an archetype of mediatised murder. The photographs taken of Brady and Hindley at Hyde Police Station in Greater Manchester have appeared countless times in media reporting of Moors Murders and other cases. This chapter will use an analysis of the famous photographs taken of Brady and Hindley at the time of their arrest as a basis for the exploration of the modern celebrity status of the serial killer. It will then explore the pivotal role of that photograph in the construction of Hindley as ‘a monster’. 
689 0 0 |d s  |0 (DE-588)1184411611  |0 (DE-627)1663529000  |a Serienmörder  |2 gnd 
689 0 1 |d s  |0 (DE-588)4046840-9  |0 (DE-627)106196642  |0 (DE-576)209071222  |a Porträtfotografie  |2 gnd 
689 0 2 |d s  |0 (DE-588)4191412-0  |0 (DE-627)105242233  |0 (DE-576)210073292  |a Berühmte Persönlichkeit  |2 gnd 
689 0 3 |d s  |0 (DE-588)4178681-6  |0 (DE-627)10533961X  |0 (DE-576)209986085  |a Ruhm  |2 gnd 
689 0 |5 (DE-627) 
700 1 |a Foley, Marian  |e VerfasserIn  |0 (DE-588)1183844026  |0 (DE-627)1663368538  |4 aut 
700 1 |a King, Martin  |e VerfasserIn  |0 (DE-588)1183844808  |0 (DE-627)1663369380  |4 aut 
773 0 8 |i Enthalten in  |t Critiquing violent crime in the media  |d Cham : Palgrave Macmillan, 2021  |g (2021), Seite 233-254  |h xvii, 400 Seiten  |w (DE-627)179005446X  |z 9783030837570  |7 nnam 
773 1 8 |g year:2021  |g pages:233-254 
776 1 |o 10.1007/978-3-030-83758-7_9 
951 |a AR 
ELC |b 1 
LOK |0 000 xxxxxcx a22 zn 4500 
LOK |0 001 4826175051 
LOK |0 003 DE-627 
LOK |0 004 1945755334 
LOK |0 005 20251210150034 
LOK |0 008 251210||||||||||||||||ger||||||| 
LOK |0 040   |a DE-2619  |c DE-627  |d DE-2619 
LOK |0 092   |o n 
LOK |0 852   |a DE-2619 
LOK |0 852 1  |9 00 
LOK |0 939   |a 10-12-25  |b l01 
ORI |a SA-MARC-krimdoka001.raw